| 000 | 00892nam a22002777i 4500 | ||
|---|---|---|---|
| 003 | EG-GICUC | ||
| 005 | 20260121101554.0 | ||
| 008 | 251231s1955 uk ||||fr|||| 001 0 eng d | ||
| 040 |
_aEG-GiCUC _cEG-GiCUC _dEG-GiCUC _erda _beng |
||
| 041 | _aeng | ||
| 082 | 0 | 4 |
_221 _a341.71041 _bFR . B |
| 092 | 0 | 4 | _221 |
| 099 | _aLaw1 11 341.71041 FR . B 1955 | ||
| 100 | 1 |
_aFranks, Oliver S. _eAuthor. |
|
| 245 | 1 | 0 |
_aBritain And The Tide Of World Affairs / _cBY Oliver S. Franks. |
| 264 | 1 |
_aLondon : _bOxford University Press, _c1955. |
|
| 300 |
_a71 pages ; _c24 cm. |
||
| 336 |
_2rda content _atext |
||
| 337 |
_2rda media _aComputer |
||
| 338 |
_2rda carrier _aOnline Resource |
||
| 546 | _aText in English | ||
| 650 | 1 | 4 |
_aInternational politics _xPublic international law _zBritain |
| 856 | 4 | 0 | _uhttps://fll.law.cu.edu.eg/fulltext/bks/B11-06581.pdf |
| 905 | _a75 | ||
| 942 |
_2ddc _cBK _e21 _n0 |
||
| 999 |
_c53417 _d53417 |
||